000 00591nam a2200229Ia 4500
003 OSt
005 20220924144326.0
006 a|||||r|||| 00| 0
007 ta
008 220923b |||||||| |||| 00| 0 urd d
024 _a313635
037 _cTextual
040 _aARTS
_cARTS
_burd
041 _2urd
_aurd
082 _aO168,1M761x, E0
100 _aMarharvi Ahsan
_9217466
245 0 _aUrdu lashkar yani
_b Tarkeeb-e-band
260 _c1910
650 _aURDU POETRY
942 _hO168,1M761x, E0
_cTEXL
_2CC
999 _c456770
_d456770